| 000 | 00383nam a2200157Ia 4500 | ||
|---|---|---|---|
| 008 | 221030s9999 xx 000 0 und d | ||
| 020 | _a8129702401 | ||
| 041 | _aEnglish | ||
| 082 |
_a105.23 _bFox |
||
| 100 | _aJ. Foxall | ||
| 245 | 0 | _aMicrosoft Visual Basic NET 2003 in 24 Hours | |
| 260 |
_bPearson Educaiton _aDelhi _c2004 |
||
| 300 | _a552 | ||
| 650 | _aComputers | ||
| 942 | _cBK | ||
| 999 |
_c2287 _d2287 |
||